ბათუმის შოთა რუსთაველის სახელმწიფო უნივერსიტეტის ბიბლიოთეკა

ახალი აღთქმა : (ბიბ.ჩანაწერი № 62668)

000 -ლიდერი
ფიქსირებული სიგრძის საკონტროლო ველი 02359nam a22003017a 4500
003 - საკონტროლო ნომრის იდენტიფიკატორი
საკონტროლო ველი Ge_BSU
005 - ბოლო ოპერაციის თარიღი და დრო
საკონტროლო ველი 20250121111256.0
008 - ფიქსირებული სიგრძის მონაცემთა ელემენტები - ზოგადი ინფორმაცია
ფიქსირებული სიგრძის საკონტროლო ველი 250121s2023 ge ||||| |||| 00| 0 geo d
020 ## - წიგნის საერთაშორისო სტანდარტული ნომერი
International Standard Book Number 9789941859199
041 ## - ენის კოდი
Language code of text/sound track or separate title geo
080 ## - უნივერსალური ათობითი კლასიფიკაციის ინდექსი
Universal Decimal Classification number 27-246 ბ-91
100 ## - მთავარი ჩანაწერი - პიროვნების სახელი
Personal name ბრეგვაძე, ბაჩანა
9 (RLIN) 3536
245 ## - ცნობა სათაურის შესახებ
Title ახალი აღთქმა :
Remainder of title ტომი II. ოთხთავი; მოციქულთა საქმენი; კათოლიკე ეპისტოლენი;გამოცხადება იოანე ღმერთისმეტყველისა(აპოკალიპსისი). /
Statement of responsibility, etc ბაჩანა ბრეგვაძე; პროექტის ავტორი და მთავარი რეადქტორი ანდრო ბედუკაძე, რედ. :ამირხანაშვილი ივანე, თითმერია ლევან, უსანეთაშვილი ვაჟა, ჩხეიძე როსტომ, შერაზადიშვილი უჩა; ტომის რედ. ანდრო ბედუკაძე.
264 ## - წარმოების, გამოცემის, დისტრიბუციის და სხვა ცნობები
გამოცემის, წარმოების, დისტრიბუციის... ადგილი თბილისი:
გამოცემის, წარმოების, დისტრიბუციის... სახელწოდება ილიას ფონდი,
გამოცემის, წარმოების, დისტრიბუციის... თარიღი 2023.
300 ## - ფიზიკური აღწერა
Extent 552 გვ.
Other physical details 21 სმ.
490 ## - სერიის ცნობა
Series statement პრემია "საგურამოს" ბიბლიოთეკა
653 ## - INDEX TERM--UNCONTROLLED
Uncontrolled term ახალი აღთქმა
653 ## - INDEX TERM--UNCONTROLLED
Uncontrolled term თარგმანები
653 ## - INDEX TERM--UNCONTROLLED
Uncontrolled term კათოლიკე ეპისტოლენი
700 ## - ADDED ENTRY--PERSONAL NAME
Personal name ბედუკაძე ანდრო
Relator term პროექტის ავტორი და მთავარი რეადქტორი
9 (RLIN) 24061
700 ## - ADDED ENTRY--PERSONAL NAME
Personal name ამირხანაშვილი ივანე
Relator term რედაქტორი
9 (RLIN) 24063
700 ## - ADDED ENTRY--PERSONAL NAME
Personal name თითმერია, ლევან
Relator term რედაქტორი
9 (RLIN) 23741
700 ## - ADDED ENTRY--PERSONAL NAME
Personal name უსანეთაშვილი, ვაჟა
Relator term რედაქტორი
9 (RLIN) 24064
700 ## - ADDED ENTRY--PERSONAL NAME
Personal name ჩხეიძე, როსტომ
Relator term რედაქტორი
9 (RLIN) 1213
700 ## - ADDED ENTRY--PERSONAL NAME
Personal name შერაზადიშვილი, უჩა
Relator term რედაქტორი
9 (RLIN) 24065
700 ## - ADDED ENTRY--PERSONAL NAME
Personal name ბედუკაძე, ანდრო
Relator term ტომის რედაქტორი
9 (RLIN) 24061
942 ## - ADDED ENTRY ELEMENTS (KOHA)
Source of classification or shelving scheme
Koha item type წიგნი
ეგზემპლარები
ჩამოწერის სტატუსი დაკარგული ეგზემპლარის სტატუსი კლასიფიკაციის წყარო ან თაროზე გაწყობის სქემა დაზიანების სტატუსი არ გაიცემა მუდმივი მდებარეობა (დაცვის ადგილი) ამჟამინდელი ადგილსამყოფელი თაროზე განთავსების ადგილი შეძენის თარიღი ღირებულება, შესყიდვის ნორმალური ფასი სრული შენახვის შიფრი შტრიხკოდი ბოლო ოპერაციის თარიღი ეგზემპლარის მიმდევრობითი ნომერი (კეტერი?) ფასის ძალაში შესვლის თარიღი ეგზემპლარის სახეობა საჯარო შენიშვნა
          ბათუმის შოთა რუსთაველის სახელმწიფო უნივერსიტეტის მთავარი ბიბლიოთეკა ბათუმის შოთა რუსთაველის სახელმწიფო უნივერსიტეტის მთავარი ბიბლიოთეკა წიგნსაცავი 2025-01-21 24.00 27-246 ბ-91 70358 2025-01-21 70358 2025-01-21 წიგნი 24 ლ.